000 00434nam a2200169Ia 4500
008 090711s9999 xx 000 0 und d
082 _b49598
100 _aरानडे जयंत
245 _aखानदान
260 _c1985
300 _a195
600 _aरानडे जयंत
630 _aखानदान
700 _aरानडे जयंत
730 _aखानदान
942 _cBOOK
999 _c301277
_d301277